000 00907nam a2200277 i 4500
003 DO-SdBNP
005 20250430141423.0
007 ta
008 240813b2014 pr ||||| |||| 00| 0 spa d
020 _a9780979165092
040 _aDO-SdBNP
_bspa
_cBNPHU
_erda
041 _aspa
082 4 _axxx
_bP762n
_222
100 _aPolanco, Luis Alejandro,
_d1986-
_9863
_eautor
245 1 0 _aNo habrá primavera en abril /
_cLuis Alejandro Polanco.
264 4 _aGuaynabo, Puerto Rico :
_bEditorial Pasadizo,
_c©2014.
300 _a139 páginas ;
_c23 cm.
336 _2rdacontent
_atexto
_btxt
337 _2rdamedia
_asin mediación
_bn
338 _2rdacarrier
_avolumen
_bnc
500 _aIncluye datos biográficos del autor en la solapa de la cubierta
590 _aInventariado, 2024/ BT
590 _aLa biblioteca posee 1 ejemplar autográfiado por el autor
910 _aBtavárez
942 _2ddc
_cLBS1
999 _c57444
_d57444